00202pab a2200073 454500008003600000245004400036650003000080773001800110180718b xxu||||| |||| 00| 0 eng d aSpecial issue on studies on rural India aRural Development - India aSocial Change